| 000 | 00269nam a22001217a 4500 | ||
|---|---|---|---|
| 999 |
_c329952 _d329952 |
||
| 003 | NUST | ||
| 005 | 20170614130951.0 | ||
| 008 | 140107t xxu||||| |||| 00| 0 eng d | ||
| 020 | _a969-35-0594-8 | ||
| 040 | _cNUST | ||
| 082 |
_a891.4392 _bQUD |
||
| 100 |
_aBano Qudsiya _9551 |
||
| 245 |
_aHawwa kay Naam _cby Bano Qudsiya |
||
| 260 |
_aLahore: _bSang-e-Meel Publications _c2007 |
||
| 300 | _a411 p. | ||
| 500 | _aDaram | ||
| 546 | _aIn Urdu | ||
| 650 |
_aUrdu Literature-Darama _91201 |
||
| 880 |
_aحوّا کے نام _6245-02\(3\r _cبانو قدسیہ |
||
| 880 |
_aبانو قدسیہ _6100-01\(3\r |
||
| 880 |
_aلاہور: _6260-03\(3\r _bسنگ میل پبلی کیشنز، _c2007 |
||
| 942 |
_2ddc _cBK |
||